Państwa z najmniejszą liczbą kolorów od A do Z - Statystyki

Ogólne statystyki
  • Ten quiz został rozwiązany 7 875 razy
  • Średni wynik to 21 z 22
Statystyki odpowiedzi
Obrazkowy Hint Odpowiedź % Poprawnych
A: 2 Albania | Austria
100%
C:2 Chiny
99%
D: 2 Dania
99%
E:3 Estonia
99%
F:2 Finlandia
99%
G:2 Gruzja | Grecja
99%
J:2 Japonia
99%
I:2 Indonezja | Izrael
98%
P:2 Pakistan | Palau | Peru | Polska
98%
S 2 Somalia | Szwecja i 2 inne
98%
T:2 Tonga | Tunezja | Turcja
98%
U:2 Ukraina
98%
M:2 Monako | Maroko
97%
R:3 Rumunia | Rosja | Rwanda
97%
K:2 Kazachstan | Kirgistan
95%
L:2 Łotwa
95%
N:2 Nigeria
95%
B:2 Bangladesz | Bahrajn
93%
W:2 Wietnam
93%
H:2 Honduras
88%
O:3 Oman
88%
Z:4 Zambia
86%
Nie znaleziono quizów pasujących do podanych kryteriów
Rozkład punktacji
Procent ludzi z każdym wynikiem
Percentyl według liczby udzielonych odpowiedzi
Twoja historia wyników
Nie rozwiązałeś tego quizu